Vegetable A-W - Statistics

General Stats
  • This quiz has been taken 64 times
  • The average score is 10 of 18
Answer Stats
Letter Vegetable % Correct
C Carrot, cabbage, capsicum, cauliflower, celery
93%
B Beetroot, broccoli, brussels (sprouts), beans
91%
A Asparagus
86%
P Pea, potato
83%
L Leek, lettuce
72%
O Onion
72%
S Sweet potato, shallot, spniach
64%
K Kale
59%
R Radish, rhubarb
59%
E Endive
57%
Y Yam
50%
G Garlic, ginger
47%
M Mushroom
33%
W Watercress, witloof
31%
F Fennel
29%
D Dill
16%
T Turnips
16%
N Neep
2%
No matching quizzes found
Score Distribution
Percent of People with Each Score
Percentile by Number Answered
Your Score History
You have not taken this quiz